| 000 | 00361nam a22001577a 4500 | ||
|---|---|---|---|
| 003 | SGT | ||
| 020 | _a978-0-7020-4361-1 | ||
| 082 |
_a610.7378 _bE12O |
||
| 100 | _aO'REILLY, BARRY | ||
| 245 | _aESSENTIALS OF OBSTETRICS AND GYNECOLOGY | ||
| 250 | _a2ND | ||
| 260 |
_aEDINBURGH _bSABDERS _c2012 |
||
| 300 | _a329 | ||
| 650 | _aOBSTETRICS | ||
| 942 |
_2ddc _cBK |
||
| 999 |
_c11455 _d11455 |
||